National Anthem of Scotland - "Flower of Scotland" - Statistics

General Stats
  • This quiz has been taken 90 times
  • The average score is 57 of 73
Answer Stats
Answer % Correct
Flower
100%
of
100%
Scotland,
100%
O'
98%
see,
98%
we
98%
when
97%
will
97%
again?
95%
your
95%
like
93%
and
87%
for,
87%
against
85%
died
85%
fought
85%
again.
84%
army,
84%
Edward's
84%
That
84%
and
82%
and
82%
him,
82%
homeward,
82%
proud
82%
sent
82%
tae
82%
think
82%
bit
80%
him
80%
stood
80%
wee
80%
and
79%
glen,
79%
hill
79%
and
77%
Those
77%
now,
75%
and
74%
are
74%
passed
74%
the
74%
your
74%
army,
72%
days
72%
Edward's
72%
homeward,
72%
in
72%
must
72%
past
72%
remain,
72%
sent
72%
they
72%
again.
70%
him
70%
proud
70%
tae
70%
think
69%
against
67%
him,
67%
stood
67%
and
66%
the
66%
again
64%
be
64%
nation
64%
that
64%
we
64%
can
62%
now,
62%
rise
62%
still
62%
but
57%
No matching quizzes found
Score Distribution
Percent of People with Each Score
Percentile by Number Answered
Your Score History
You have not taken this quiz